000 00447nam a22001697a 4500
001 2884
003 BD-DhBUF
005 20251202145523.0
008 251202b bg ||||| |||| 00| 0 ben d
020 _a9781408832066
040 _aBD-DhBUF
_cBD-DhBUF
100 _aBlumenthal, Karen
_94236
245 _aSteve jobs :
_bthe man who thought different /
_cKaren Blumenthal
260 _aLondon :
_bBloomsbury
_cC 2012
526 _aIE
942 _2ddc
_cBK
999 _c2884
_d2884